載入...

Microscale and macroscale techniques in the organic laboratory

書目詳細資料
主要作者: Pavia , Donald
語言:English
出版: Fort worth Horcourt college publishers 2002
主題:
LEADER 00418nam a22001217a 4500
005 20160323130451.0
008 100526t xxu||||| |||| 00| 0 eng d
100 |a Pavia , Donald  |9 4236 
245 |a Microscale and macroscale techniques in the organic laboratory 
653 |a Microscale and macroscale techniques in the organic laboratory 
942 |c BK  |6 _ 
260 |a Fort worth  |b Horcourt college publishers  |c 2002 
999 |c 158324  |d 158324